asian directors - Statistics

General Stats
  • This quiz has been taken 7 times
  • The average score is 36 of 90
Answer Stats
country film Answer % Correct
japan seven samurai akira kurosawa
100%
china an elephant sitting still hu bo
100%
japan neko mimi jun kurosawa
100%
japan cure kiyoshi kurosawa
100%
korea oldboy park chan wook
100%
hong kong in the mood for love wong kar wai
100%
taiwan crouching tiger, hidden dragon ang lee
83%
korea parasite bong joon ho
83%
taiwan yi yi edward yang
83%
japan porco rosso hayao miyazaki
83%
taiwan millenium mambo hou hsiao hsien
83%
hong kong hardboiled john woo
83%
japan ugetsu kenji mizoguchi
83%
korea burning lee chang dong
83%
japan harakiri masashi kobayashi
83%
japan perfect blue satoshi kon
83%
japan tokyo story yasujiro ozu
83%
china paths of the soul zhang yang
83%
hong kong made in hong kong fruit chan
67%
japan shoplifters hirokazu koreeda
67%
hong kong police story jackie chan
67%
taiwan goodbye, dragon inn tsai ming liang
67%
thailand tropical malady apichatpong weerasethakul
50%
china long day's journey into the night bi gan
50%
japan grave of the fireflies isao takahata
50%
china in the heat of the sun jiang wen
50%
Philippines evolution of a filipino family lav diaz
50%
japan drive my car ryusuke hamaguchi
50%
japan ichi the killer takashi miike
50%
japan hanabi takeshi kitano
50%
china farewell my concubine chen kaige
33%
japan love & pop hideaki anno
33%
japan woman in the dunes hiroshi teshigahara
33%
korea hill of freedom hong sang soo
33%
korea painted fire im kwon taek
33%
japan godzilla ishiro honda
33%
hong kong exiled johnny to
33%
japan tampopo juzo itami
33%
korea i saw the devil kim jee woon
33%
korea 3-iron kim ki duk
33%
taiwan dragon inn king hu
33%
japan forever a woman kinuyo tanaka
33%
japan your name makoto shinkai
33%
japan death by hanging nagisa oshima
33%
korea the wailing na hong jin
33%
japan the ballad of narayama shohei imamura
33%
japan love exposure sion sono
33%
hong kong time and tide tsui hark
33%
japan eros + massacre yoshishige yoshida
33%
china to live zhang yimou
33%
hong kong boat people ann hui
17%
hong kong run and kill billy tang
17%
japan mirrored mind gakuryu ishii
17%
japan goyokin hideo gosha
17%
japan samurai I : musashi miyamoto hiroshi inagaki
17%
japan mr. thank you hiroshi shimizu
17%
china ash is purest white jia zhangke
17%
japan onibaba kaneto shindo
17%
japan akira katsuhiro otomo
17%
japan lone wolf and cub kenji misumi
17%
japan celluloid memory kenji onishi
17%
japan battle royale kinji fukasaku
17%
japan go go second time virgin koji wakamatsu
17%
japan fires on the plane kon ichikawa
17%
japan ghost in the shell mamoru oshii
17%
japan night is short, walk on girl masaaki yuasa
17%
japan demon pond masahiro shinoda
17%
japan revolution +1 masao adachi
17%
japan floating clouds mikio naruse
17%
japan katatsumori naomi kawase
17%
thailand 36 nawapol thamrongrattanarit
17%
japan happyend neo sora
17%
japan house nobuhiko obayashi
17%
japan the ghost of yotsuda nobuo nakagawa
17%
hong kong my heart is that eternal rose patrick tam
17%
hong kong school on fire ringo lam
17%
hong kong blade of furry sammo hung
17%
japan eureka shinji aoyama
17%
japan the friends shinji somai
17%
japan tetsuo the iron man shinya tsukamoto
17%
japan 964 pinnochio shozin fukui
17%
japan farewell to the ark shuji terayama
17%
japan all about lily chouchou shunji iwai
17%
hong kong shaolin soccer stephen chow
17%
japan thunder takashi ito
17%
japan kamikaze girls tetsuya nakashima
17%
china blue kite tian zhuangzhuang
17%
japan funeral parade of roses toshio matsumoto
17%
china tie xi qu : west of the tracks wang bing
17%
japan blind beast yasuzo masumura
17%
No matching quizzes found
Score Distribution
Percent of People with Each Score
Percentile by Number Answered
Your Score History
You have not taken this quiz